Iba liberalizácia a privatizácia energetiky nestačí

V období rokov 2000-2030 budú štáty bývalej európskej pätnástky potrebovať nové výrobné kapacity. Príčiny vzniku deficitu elektrární. Energetickú náročnosť zvyšujú ekologické otázky. Prekážky zvýšenia výrobnej kapacity. Slovensko sa so saldom výroby a spotreby elektriny bude musieť vyrovnať okolo ro...

Ausführliche Beschreibung

Gespeichert in:
Bibliographische Detailangaben
1. Verfasser: Kožková, Iveta
Format: Buchkapitel
Sprache:Slowakisch
Schlagworte:
Tags: Tag hinzufügen
Keine Tags, Fügen Sie das erste Tag hinzu!

MARC

LEADER 00000naa$a2200000$$$4500
001 0025824
005 20231006120345.9
041 0 |a slo 
044 |a SK 
245 1 0 |a Iba liberalizácia a privatizácia energetiky nestačí  |c Iveta Kožková 
520 |a V období rokov 2000-2030 budú štáty bývalej európskej pätnástky potrebovať nové výrobné kapacity. Príčiny vzniku deficitu elektrární. Energetickú náročnosť zvyšujú ekologické otázky. Prekážky zvýšenia výrobnej kapacity. Slovensko sa so saldom výroby a spotreby elektriny bude musieť vyrovnať okolo roku 2010, kedy nám bude chýbať 10 až 15 percent potrebnej energie. Zabezpečenie dostatku elektrickej energie by malo byť štátnou prioritou. 
610 2 0 |a Európa 
610 2 0 |a elektrárne 
610 2 0 |a deficit 
610 2 0 |a prognózy 
610 2 0 |a ekológia 
610 2 0 |a výroba energie 
610 2 0 |a spotreba energie 
610 2 0 |a zdroje energetické 
610 2 0 |a Slovensko 
100 1 |a Kožková, Iveta